[Event "Quebec Carnaval"]
[Site "Quebec"]
[Date "1971.02.12"]
[Round "1"]
[White "Brodie, Hugh"]
[Black "Bouchard, Real"]
[Result "1-0"]
[WhiteElo "1750"]
[BlackElo "1500"]
[PlyCount "65"]
[EventDate "1971.02.12"]
[EventType "swiss"]
[EventRounds "5"]
[EventCountry "CAN"]
[SourceTitle "EXT 2022"]
[Source "ChessBase"]
[SourceDate "2021.10.06"]
[SourceVersion "1"]
[SourceVersionDate "2021.10.06"]
[SourceQuality "1"]

1. e4 c5 2. d4 cxd4 3. c3 e5 4. Nf3 Nc6 5. cxd4 d5 6. Nxe5 Nf6 7. Nxc6 bxc6 8. e5 Ne4 9. Bd3 Qb6 10. Bxe4 dxe4 11. 0-0 Be6 12. Nc3 Rd8 13. Be3 Qxb2 14. Nxe4 Be7 15. Qa4 0-0 16. Rfb1 Qe2 17. Rb7 Bd7 18. d5 cxd5 19. Rxd7 Rxd7 20. Qxd7 Ba3 21. Qxd5 h6 22. Bxa7 Bb2 23. Rf1 Ba3 24. Bc5 Qb5 25. Qd6 Bxc5 26. Qxc5 Qd7 27. h3 Rc8 28. Qb4 Qd5 29. a4 Kh7 30. Qb1 f5 31. exf6 Kg8 32. Rd1 Rb8 33. Qxb8+ 1-0